| 000 | 00428nam a22001697a 4500 | ||
|---|---|---|---|
| 999 |
_c7372 _d7372 |
||
| 003 | OSt | ||
| 005 | 20190208123713.0 | ||
| 008 | 190208b ||||| |||| 00| 0 eng d | ||
| 020 | _a9788184580617 | ||
| 040 | _cDLC | ||
| 082 |
_a230 _bC832T |
||
| 100 | _aCorwin, Chuck | ||
| 245 |
_aTheology For Dummies / _cBy Chuck Corwin and C.V.Mathew. |
||
| 260 |
_aNew delhi, INDIA : _bISPCK, _cc2006. |
||
| 300 | _a145p.: | ||
| 942 |
_2ddc _cBK |
||